Traité theorique et pratique de metallurgie (Record no. 139730)

MARC details
000 -LEADER
campo de control de longitud fija 00698nam a2200217 i 4500
001 - NÚMERO DE CONTROL
campo de control 139730
003 - IDENTIFICADOR DE NÚMERO DE CONTROL
campo de control ES-MaACL
005 - FECHA Y HORA DE LA ÚLTIMA TRANSACCIÓN
campo de control 20250928121400.0
007 - CAMPO FIJO DE DESCRIPCIÓN FÍSICA--INFORMACIÓN GENERAL
campo de control de longitud fija t|
008 - DATOS DE LONGITUD FIJA--INFORMACIÓN GENERAL
campo de control de longitud fija 070214s1907 fr r ||||1| fre d
100 1# - ENTRADA PRINCIPAL--NOMBRE DE PERSONA
Nombre de persona Schnabel, Carl.
9 (RLIN) 104539
245 10 - MENCIÓN DEL TÍTULO
Título Traité theorique et pratique de metallurgie
Resto del título : cuivre, plomb, argent /
Mención de responsabilidad, etc. C. Schnabel.
250 ## - MENCION DE EDICION
Mención de edición deuxieme edit française revue
Resto de la mención de edición par L. Gautier.
260 ## - PUBLICACIÓN, DISTRIBUCIÓN, ETC.
Lugar de publicación, distribución, etc. Evreux :
Nombre del editor, distribuidor, etc. Ch. Herissey,
Fecha de publicación, distribución, etc. 1907.
300 ## - DESCRIPCIÓN FÍSICA
Extensión 1200 p. ;
Dimensiones 24 cm.
650 #7 - PUNTO DE ACCESO ADICIONAL DE MATERIA--TÉRMINO DE MATERIA
Término de materia o nombre geográfico como elemento de entrada Metalurgia
Fuente del encabezamiento o término embne
9 (RLIN) 136491
700 1# - ENTRADA AGREGADA--NOMBRE PERSONAL
Nombre de persona Gautier, Léopold-Alexandre,
Fechas asociadas al nombre 1838-19..
9 (RLIN) 56052
852 ## - LOCALIZACIÓN
Ubicación ES-MaACL
Número de control de estantería D-54
itemnumber 144785
Ubicación en estantería Sala Valle Inclán
942 ## - ELEMENTOS DE ENTRADA SECUNDARIOS (KOHA)
Fuente del sistema de clasificación o colocación Clasificación decimal universal
Holdings
Estatus retirado Estado de pérdida Estado de daño No para préstamo Biblioteca de origen Biblioteca actual Ubicación en estantería Fecha de adquisición Fuente de adquisición Total de préstamos Signatura topográfica completa Código de barras Visto por última vez Precio de reemplazo Tipo de ítem Koha
        Biblioteca del Ateneo de Madrid Biblioteca del Ateneo de Madrid Sala Valle Inclán 17/01/2008     D-54 901145408 23/02/2023 23/02/2023 Libro impreso